Most Popular Soccer Players in 2024 by Picture - Statistics

General Stats
  • This quiz has been taken 165 times
  • The average score is 14 of 16
Answer Stats
Picture Answer % Correct
Killian Mbappe
99%
Erling Haaland
97%
Lamine Yamal
97%
Mohamed Salah
97%
Vinicius Junior
95%
Jude Bellingham
94%
Phil Foden
91%
Cole Palmer
89%
Bukayo Saka
88%
Rodri
87%
Florian Wirtz
77%
Martin Odegaard
77%
Nico Williams
77%
Federico Valverde
74%
Luis Diaz
72%
Dani Olmo
70%
No matching quizzes found
Score Distribution
Percent of People with Each Score
Percentile by Number Answered
Your Score History
You have not taken this quiz